La lucha por la objetivación del Derecho.
Salvato in:
| Autore principale: | |
|---|---|
| Natura: | Libro |
| Lingua: | inglese |
| Pubblicazione: |
Vigo: España:
Tipografía Faro de Vigo,
1965.
|
| Soggetti: | |
| Tags: |
Aggiungi Tag
Nessun Tag, puoi essere il primo ad aggiungerne!!
|
MARC
| LEADER | 00000nam a22000007a 4500 | ||
|---|---|---|---|
| 003 | CL-VaPUC | ||
| 005 | 20220822114516.0 | ||
| 008 | 220622b1965 ||||| |||| 00| 0 eng d | ||
| 999 | |c 436224 |d 436222 | ||
| 040 | |c Pontificia Universidad Católica de Valparaíso | ||
| 082 | |a 340.1 LOI 1965 | ||
| 100 | 1 | |a Lois Estévez, José |e autor |9 871174 | |
| 245 | |a La lucha por la objetivación del Derecho. | ||
| 260 | |a Vigo: España: |b Tipografía Faro de Vigo, |c 1965. | ||
| 300 | |a 298 páginas. | ||
| 500 | |a c.1 Donación Familia Prof. Alejandro Guzmán Brito. | ||
| 583 | |c 20220622 |k Catalogador Asistente | ||
| 650 | |a Derecho |x Filosofía |9 866192 | ||
| 942 | |2 ddc |c BK |n 0 | ||
| 952 | |0 0 |1 0 |2 ddc |4 0 |6 340_100000000000000_LOI_1965 |7 0 |8 C_AGB |9 583955 |a BIBDER |b BIBDER |d 2022-06-22 |e Donación |i 5652042 |o 340.1 LOI 1965 |p 5652042 |r 2023-01-25 |t 1 |w 2022-06-22 |y BK_US |k AGB | ||